| 000 | 00794cab a2200265 4500 | ||
|---|---|---|---|
| 001 | WB3329-08 | ||
| 008 | 090401t1997 xxu||||| |||| 00| 0 eng d | ||
| 035 | _a(Sirsi) u79871 | ||
| 041 | _aeng | ||
| 245 | _aCouncil tenders | ||
| 260 | _c1997 | ||
| 350 | _a0 | ||
| 490 |
_aFinancial Times _v24 July 1997, 8(1) |
||
| 520 | _aGovernment is to move quickly to replace compulsory competitive tendering. Instead, councils will be required to provide best value in their services. | ||
| 650 | _aBEST VALUE | ||
| 650 | _aCCT | ||
| 650 | _aCOMPULSORY COMPETITIVE TENDERING | ||
| 650 | _aCONTRACTORS | ||
| 650 | _aLOCAL AUTHORITIES | ||
| 650 | _aLOCAL GOVERNMENT ASSOCIATION | ||
| 650 | _aTENDERS | ||
| 690 | _aBUILDING AND CONSTRUCTION-PROJECTS | ||
| 942 | _n0 | ||
| 948 | _c24/07/1997 | ||
| 999 |
_c50261 _d50261 |
||